|
|
|
|
| LEADER |
01033nam a2200265 a 4500 |
| 001 |
27873 |
| 003 |
BD-DhAAL |
| 005 |
20150208125527.0 |
| 008 |
140218s2013 ii b b 001 0 eng |
| 010 |
|
|
|a 2013315354
|
| 020 |
|
|
|a 9788131605578
|
| 040 |
|
|
|a DLC
|c DLC
|d DLC
|d BD-DhAAL
|
| 082 |
|
|
|2 22
|a 301.34/0954
|
| 999 |
|
|
|c 14171
|d 14171
|
| 999 |
|
|
|c 14171
|
| 100 |
1 |
|
|a Mukherji, Shekhar.
|9 3819
|
| 245 |
1 |
0 |
|a Migration in India :
|b links to urbanization, regional disparities, and development policies /
|c Shekhar Mukherji.
|
| 260 |
|
|
|a Jaipur :
|b Rawat Publications,
|c 2013.
|
| 300 |
|
|
|a xxxv, 512 p. :
|b ill. maps ;
|c 25 cm.
|
| 504 |
|
|
|a Includes bibliographical references (p. [485]-503) and index.
|
| 541 |
|
|
|e 27873
|
| 650 |
|
0 |
|a Migration, Internal
|z India.
|9 3820
|
| 650 |
|
0 |
|a Rural-urban migration
|z India.
|9 3821
|
| 942 |
|
|
|2 ddc
|c BK
|
| 952 |
|
|
|0 0
|1 0
|2 ddc
|4 0
|6 301_340954000000000_MUK
|7 0
|9 23892
|a BRACUL
|b BRACUL
|c GEN
|d 2014-02-18
|e VC of BRAC University
|g 1295.00
|l 1
|o 301.340954 MUK
|p 3010027873
|r 2014-07-13
|s 2014-02-23
|t 1
|w 2014-02-18
|y BK
|